[Event "27th Open"]
[Site "Cappelle la Grande FRA"]
[Date "2011.02.28"]
[Round "3"]
[White "Laurent,Ju"]
[Black "Mirzoev,A"]
[Result "0-1"]
[WhiteElo "2260"]
[BlackElo "2563"]
[EventDate "2011.02.26"]

1. d4 Nf6 2. c4 e6 3. Nf3 b6 4. g3 Ba6 5. Qc2 c5 6. d5 exd5 7. cxd5 g6 8.
Bg2 Bg7 9. O-O O-O 10. Nc3 d6 11. a4 Re8 12. Re1 Nbd7 13. h3 Ne5 14. Nxe5
Rxe5 15. Bf4 Re8 16. Qd2 Qd7 17. e4 Nh5 18. Bh6 Bh8 19. Kh1 Bb7 20. Be3 a6
21. f4 b5 22. g4 Nf6 23. axb5 axb5 24. Rxa8 Bxa8 25. e5 dxe5 26. Bxc5 exf4
27. Rxe8+ Nxe8 28. Bd4 Bxd4 29. Qxd4 g5 30. Qe5 h6 31. Qb8 Bb7 32. Bf1 b4
33. Ne4 Kg7 34. Nc5 Qd6 35. Qxd6 Nxd6 36. Nd3 b3 37. Bg2 Ba6 38. Nc5 Bc4
39. Kg1 Kf6 40. Nd7+ Ke7 41. Ne5 Bb5 42. Nf3 Bd3 43. Nd4 Bc2 44. Bf1 f5 45.
Be2 Kf6 0-1

[Event "27th Open"]
[Site "Cappelle la Grande FRA"]
[Date "2011.02.28"]
[Round "3"]
[White "Maiorov,N1"]
[Black "Lorscheid,G"]
[Result "1-0"]
[WhiteElo "2540"]
[BlackElo "2281"]
[EventDate "2011.02.26"]

1. d4 d6 2. g3 Nf6 3. Bg2 g6 4. Nf3 Bg7 5. c4 O-O 6. O-O c6 7. Nc3 Qa5 8.
h3 Qa6 9. b3 b5 10. Bg5 bxc4 11. bxc4 h6 12. Bd2 Be6 13. e4 Bxc4 14. Re1
Rd8 15. Qc1 Kh7 16. e5 Nd5 17. Ne4 f5 18. exf6 exf6 19. Bf4 Bf8 20. Bxd6
Rxd6 21. Nxd6 Bxd6 22. Nd2 Bd3 23. Re6 Qa3 24. Bxd5 1-0

[Event "27th Open"]
[Site "Cappelle la Grande FRA"]
[Date "2011.02.28"]
[Round "3"]
[White "Szabo,Krisz1"]
[Black "Mancini,M"]
[Result "1-0"]
[WhiteElo "2517"]
[BlackElo "2249"]
[EventDate "2011.02.26"]

1. e4 e5 2. Nf3 Nc6 3. Bb5 a6 4. Ba4 Nf6 5. O-O Be7 6. Re1 b5 7. Bb3 d6 8.
c3 O-O 9. h3 Nb8 10. d4 Nbd7 11. Nbd2 Bb7 12. Bc2 Re8 13. a4 Bf8 14. Bd3
Rb8 15. b4 g6 16. Bb2 c6 17. Qc2 Bg7 18. dxe5 dxe5 19. c4 bxa4 20. c5 Nf8
21. Nc4 N6d7 22. Nd6 Re7 23. Rxa4 Ne6 24. Rea1 Nd4 25. Nxd4 exd4 26. f4 Bh6
27. Qf2 1-0

[Event "27th Open"]
[Site "Cappelle la Grande FRA"]
[Date "2011.02.28"]
[Round "3"]
[White "Peric,Sl"]
[Black "Sulashvili,M"]
[Result "0-1"]
[WhiteElo "2236"]
[BlackElo "2497"]
[EventDate "2011.02.26"]

1. d4 d5 2. Nf3 Nf6 3. c4 e6 4. Nc3 Bb4 5. Bg5 h6 6. Bxf6 Qxf6 7. Rc1 O-O
8. e3 c6 9. Qc2 Nd7 10. a3 Bd6 11. cxd5 exd5 12. Be2 Qe7 13. e4 Bf4 14. Rd1
dxe4 15. Qxe4 Qxe4 16. Nxe4 Re8 17. Nc3 Nf6 18. O-O Bg4 19. h3 Be6 20. Rfe1
Bb3 21. Ra1 Rad8 22. Bf1 Kf8 23. Rxe8+ Rxe8 24. Bd3 Rd8 25. Ne2 Bc7 26. Rc1
Bd5 27. Nd2 Bb6 28. Nc4 Be6 29. Nxb6 axb6 30. Bc4 Bxc4 31. Rxc4 b5 32. Rc2
Nd5 33. Kf1 Ke7 34. Ke1 Kd6 35. Kd2 Re8 36. g3 f5 37. Nc1 f4 38. Ne2 Rf8
39. Nc3 Nxc3 40. Rxc3 fxg3 41. fxg3 Rf2+ 42. Kc1 Kd5 43. Re3 Rh2 44. Re7 g5
45. h4 gxh4 46. gxh4 Rxh4 47. Rxb7 Rxd4 48. Rh7 Rh4 49. Kc2 Rh5 50. b3 Kd4
51. Rd7+ Rd5 52. Rc7 c5 53. Rb7 c4 54. a4 cxb3+ 55. Kxb3 bxa4+ 56. Kxa4 h5
57. Kb4 Ke3 58. Kc4 Rd4+ 59. Kc3 h4 60. Re7+ Re4 61. Rh7 Rg4 62. Rh8 Ke2
63. Rh7 Kf2 64. Kd3 Rg3+ 65. Kd2 h3 0-1

[Event "27th Open"]
[Site "Cappelle la Grande FRA"]
[Date "2011.02.28"]
[Round "3"]
[White "Djukic,Ni"]
[Black "Houriez,C"]
[Result "1-0"]
[WhiteElo "2494"]
[BlackElo "2244"]
[EventDate "2011.02.26"]

1. d4 Nf6 2. c4 e6 3. Nc3 Bb4 4. Qc2 c5 5. dxc5 O-O 6. a3 Bxc5 7. Nf3 b6 8.
Bf4 Bb7 9. Rd1 Nc6 10. b4 Be7 11. e4 a5 12. b5 Nb8 13. Be2 Bxa3 14. e5 Ne8
15. Ng5 g6 16. h4 Qe7 17. h5 f6 18. Nge4 fxe5 19. Bg5 Qf7 20. hxg6 hxg6 21.
Rd3 Bb4 22. Rf3 Qg7 23. Bh6 Rxf3 24. Bxg7 Bxe4 25. Qxe4 Rxc3 26. Kd1 d5 27.
Qxg6 Nxg7 28. Bg4 1-0

[Event "27th Open"]
[Site "Cappelle la Grande FRA"]
[Date "2011.02.28"]
[Round "3"]
[White "Lalic,B"]
[Black "Haast,A"]
[Result "1-0"]
[WhiteElo "2491"]
[BlackElo "2233"]
[EventDate "2011.02.26"]

1. d4 d5 2. c4 dxc4 3. e4 e5 4. Nf3 exd4 5. Bxc4 Bb4+ 6. Nbd2 Nc6 7. O-O
Nf6 8. e5 Nd5 9. Nb3 Nb6 10. Bg5 Be7 11. Bxe7 Qxe7 12. Bb5 Bd7 13. Bxc6
Bxc6 14. Nfxd4 Bd5 15. Qg4 g6 16. Rac1 Nc4 17. Rfe1 h5 18. Qe2 Qg5 19. f3
O-O 20. Rxc4 Bxc4 21. Qxc4 c5 22. Qxc5 Rfd8 23. Qc1 Qh4 24. Re4 Qe7 25. h4
Rac8 26. Qh6 a5 27. e6 a4 28. exf7+ Qxf7 29. Nd2 Qf6 30. Qe3 Rc1+ 31. Kh2
Qd6+ 32. f4 Kf7 33. N2f3 1-0

[Event "27th Open"]
[Site "Cappelle la Grande FRA"]
[Date "2011.02.28"]
[Round "3"]
[White "Heurtebize,O"]
[Black "Matjushin,G"]
[Result "0-1"]
[WhiteElo "2227"]
[BlackElo "2490"]
[EventDate "2011.02.26"]

1. d4 g6 2. c4 Bg7 3. Nf3 d6 4. g3 Nf6 5. Nc3 Bf5 6. Bg2 Ne4 7. Nxe4 Bxe4
8. e3 O-O 9. O-O e5 10. d5 Qe7 11. Bh3 Bxf3 12. Qxf3 e4 13. Qe2 f5 14. Rb1
Nd7 15. b3 h5 16. Bg2 h4 17. Rd1 Rf7 18. Ba3 hxg3 19. hxg3 Be5 20. Bh3 g5
21. Kg2 g4 22. Bxg4 fxg4 23. Qxg4+ Bg7 24. Rd2 Nf6 25. Qg6 Qd7 26. c5 dxc5
27. Rh1 Qg4 28. Rh8+ Kxh8 29. Qxf7 Nh7 30. Qxc7 Ng5 31. Kf1 Qh3+ 32. Ke2
Qh5+ 33. Kf1 Nf3 34. Rd1 Nd4 35. Rxd4 cxd4 0-1

[Event "27th Open"]
[Site "Cappelle la Grande FRA"]
[Date "2011.02.28"]
[Round "3"]
[White "Jovanic,O"]
[Black "Rzayev,B"]
[Result "1-0"]
[WhiteElo "2489"]
[BlackElo "2221"]
[EventDate "2011.02.26"]

1. d4 c5 2. d5 e5 3. e4 d6 4. Nc3 Be7 5. Bb5+ Nd7 6. Nf3 a6 7. Be2 b5 8. a4
b4 9. Nb1 Ngf6 10. Nbd2 O-O 11. O-O Kh8 12. a5 g6 13. c3 Rb8 14. Bd3 Nh5
15. Nc4 f5 16. exf5 gxf5 17. Nfxe5 Nxe5 18. Nxe5 dxe5 19. Qxh5 Qxd5 20. Qe2
Bb7 21. f3 Qd6 22. Be3 Rbd8 23. Rad1 Qc6 24. Bf2 Bd6 25. cxb4 cxb4 26. Rc1
Qd5 27. Bb6 e4 28. Bc4 Qe5 29. f4 Qg7 30. Bxd8 Rxd8 31. Bxa6 Ba8 32. Kh1
Bc7 33. Bb5 Rd6 34. Rfd1 Qe7 35. Rxd6 Qxd6 36. Qc4 Bd8 37. Qc5 Qf6 38. Qe5
1-0

[Event "27th Open"]
[Site "Cappelle la Grande FRA"]
[Date "2011.02.28"]
[Round "3"]
[White "Haub,TM"]
[Black "Kostiukova,L"]
[Result "1-0"]
[WhiteElo "2489"]
[BlackElo "2214"]
[EventDate "2011.02.26"]

1. g3 g6 2. Bg2 Bg7 3. d3 d6 4. e4 e5 5. c3 Nc6 6. Nf3 Nf6 7. O-O O-O 8.
Nbd2 h6 9. b4 a6 10. a4 Be6 11. Rb1 Qd7 12. Re1 Bh3 13. b5 axb5 14. axb5
Ne7 15. Nc4 Bxg2 16. Kxg2 Nh7 17. d4 f5 18. dxe5 fxe4 19. Nd4 d5 20. Ne3
Ng5 21. Qg4 Nf5 22. Nexf5 gxf5 23. Qh5 Qf7 24. Qxf7+ Rxf7 25. h4 Nh7 26.
Bf4 Re8 27. e6 Rfe7 28. Nxf5 Rxe6 29. Nxg7 Kxg7 30. Bxc7 Nf6 31. Bf4 Rc8
32. Rb3 Nd7 33. Be3 Nc5 34. Ra3 Nd3 35. Rea1 Kg6 36. Bd4 Rf8 37. Ra8 Ree8
38. Rxe8 Rxe8 39. Ra7 Re7 40. Ra8 Ne1+ 41. Kf1 Nc2 42. Rd8 e3 43. Ke2 exf2+
44. Kxf2 Kf5 45. Rxd5+ Kg4 46. Rd6 h5 47. Rg6+ Kh3 48. Rg5 Rd7 49. Rxh5
Rf7+ 50. Ke2 Kxg3 51. Kd3 1-0

[Event "27th Open"]
[Site "Cappelle la Grande FRA"]
[Date "2011.02.28"]
[Round "3"]
[White "Haast,M"]
[Black "Zagrebelny,S"]
[Result "0-1"]
[WhiteElo "2209"]
[BlackElo "2481"]
[EventDate "2011.02.26"]

1. e4 c5 2. Nc3 Nc6 3. f4 g6 4. Nf3 Bg7 5. Bb5 Nd4 6. O-O Nxb5 7. Nxb5 d6
8. d3 Bd7 9. Nc3 b5 10. Qe1 b4 11. Ne2 Nh6 12. f5 gxf5 13. Qg3 Rg8 14. Qh4
Ng4 15. exf5 Bxf5 16. Ng5 Qd7 17. h3 Nf6 18. a3 h6 19. Nf3 b3 20. Nc3 bxc2
21. d4 c4 22. d5 Bh8 23. Kh1 Bd3 24. Re1 Qf5 25. Bxh6 Qh5 26. Qf4 Nxd5 27.
Qxd6 Qg6 28. Qxg6 Rxg6 29. Nxd5 Rxh6 30. Nc7+ Kd8 31. Nxa8 Bxb2 32. Ne5 Rf6
33. Nxd3 cxd3 0-1

[Event "27th Open"]
[Site "Cappelle la Grande FRA"]
[Date "2011.02.28"]
[Round "3"]
[White "Bijlsma,N"]
[Black "Smith,Ax"]
[Result "1/2-1/2"]
[WhiteElo "2173"]
[BlackElo "2451"]
[EventDate "2011.02.26"]

1. e4 e6 2. Qe2 c5 3. b3 Nc6 4. Nf3 d6 5. Bb2 e5 6. c3 g6 7. Na3 Bg7 8. g3
Nge7 9. Bg2 O-O 10. Nc2 b6 11. O-O Bb7 12. d4 exd4 13. cxd4 Re8 14. Rab1 d5
15. dxc5 dxe4 16. Qxe4 Nd5 17. Qh4 bxc5 18. Rfd1 Qxh4 19. Nxh4 Nce7 20. Ne1
Bxb2 21. Rxb2 Nc3 22. Rd7 Bc6 23. Bxc6 Nxc6 24. Nd3 Rac8 25. Kg2 a5 26. Nf3
Ne4 27. Nd2 Nb4 28. Nxe4 Rxe4 29. Rd2 1/2-1/2

[Event "27th Open"]
[Site "Cappelle la Grande FRA"]
[Date "2011.02.28"]
[Round "3"]
[White "Sanduleac,V"]
[Black "Bressac,S"]
[Result "1-0"]
[WhiteElo "2442"]
[BlackElo "2209"]
[EventDate "2011.02.26"]

1. e4 c5 2. Nf3 Nc6 3. Bb5 e6 4. O-O Nge7 5. c3 a6 6. Ba4 b5 7. Bc2 Bb7 8.
Qe2 Ng6 9. d4 cxd4 10. cxd4 Be7 11. Nc3 O-O 12. Be3 f5 13. Rad1 fxe4 14.
Bxe4 b4 15. d5 Nce5 16. Nxe5 Nxe5 17. d6 Bf6 18. Bxb7 Rb8 19. Qxa6 bxc3 20.
bxc3 Ng4 21. Bb6 Qe8 22. h3 Ne5 23. Ba7 Qh5 24. Bxb8 Rxb8 25. Qa7 Rf8 26.
Be4 Bh4 27. f4 Ng6 28. Bxg6 hxg6 29. Qxd7 Rxf4 30. Qxe6+ Kh7 31. Rxf4 Qxd1+
1-0

[Event "27th Open"]
[Site "Cappelle la Grande FRA"]
[Date "2011.02.28"]
[Round "3"]
[White "Przymusinski,N"]
[Black "Bernadskiy,V"]
[Result "0-1"]
[WhiteElo "2162"]
[BlackElo "2438"]
[EventDate "2011.02.26"]

1. c4 Nf6 2. g3 d5 3. cxd5 Nxd5 4. Bg2 g6 5. Nc3 Nxc3 6. bxc3 Bg7 7. Rb1 c6
8. Nf3 O-O 9. O-O Nd7 10. c4 Qa5 11. Qc2 Nc5 12. d3 Qa4 13. Qxa4 Nxa4 14.
Bd2 Nc3 15. Bxc3 Bxc3 16. Ng5 f5 17. e3 Bf6 18. Nf3 e5 19. d4 e4 20. Nd2
Rb8 21. Rfc1 Be6 22. Bf1 b6 23. Nb3 Rfc8 24. a4 c5 25. d5 Bd7 26. Rc2 Kf7
27. Ra2 Ke7 28. Na1 h5 29. Be2 h4 30. Rb3 Kd6 31. a5 b5 32. Nc2 bxc4 33.
Bxc4 Rxb3 34. Bxb3 Rb8 35. Bc4 Rb1+ 36. Kg2 h3+ 37. Kxh3 f4+ 38. g4 f3 0-1

[Event "27th Open"]
[Site "Cappelle la Grande FRA"]
[Date "2011.02.28"]
[Round "3"]
[White "Van Hoolandt,P"]
[Black "Housieaux,D"]
[Result "0-1"]
[WhiteElo "2158"]
[BlackElo "2423"]
[EventDate "2011.02.26"]

1. d4 Nf6 2. c4 g6 3. Nc3 Bg7 4. e4 d6 5. Nf3 O-O 6. Be3 e5 7. dxe5 dxe5 8.
Qxd8 Rxd8 9. Nd5 Rd7 10. Rd1 Nxe4 11. Nxc7 Rxc7 12. Rd8+ Bf8 13. Bh6 Nd7
14. Nxe5 Nec5 15. Nxd7 Nxd7 16. Be2 f6 17. O-O Kf7 18. Bxf8 Nxf8 19. Rfd1
a5 20. Bf3 Ke7 21. b3 a4 22. h4 h5 23. R8d3 axb3 24. axb3 Bg4 25. Re1+ Kf7
26. Bd5+ Be6 27. Bf3 Nd7 28. Rd6 Ne5 29. Be4 Bf5 30. Bd5+ Kg7 31. Rb6 Ra7
32. f3 Ra6 33. Rb5 b6 34. Kh2 Bd7 35. Rb4 Bc6 36. Rd1 Be8 37. f4 Ng4+ 38.
Kg3 Ne3 39. Re1 Nc2 40. Rxe8 Nxb4 0-1

[Event "27th Open"]
[Site "Cappelle la Grande FRA"]
[Date "2011.02.28"]
[Round "3"]
[White "Shirazi,K"]
[Black "Vogel,Ja"]
[Result "1/2-1/2"]
[WhiteElo "2419"]
[BlackElo "2207"]
[EventDate "2011.02.26"]

1. e4 e6 2. d4 d5 3. Nc3 Bb4 4. Nge2 dxe4 5. a3 Bxc3+ 6. Nxc3 Nc6 7. d5
exd5 8. Qxd5 Nge7 9. Qxd8+ Nxd8 10. Nxe4 Bf5 11. Bb5+ Ndc6 12. f3 a6 13.
Bd3 Ne5 14. Be2 N7c6 15. Be3 O-O-O 16. Rd1 Rxd1+ 17. Kxd1 Rd8+ 18. Kc1 Bxe4
19. fxe4 Nd4 20. Bd1 Ne6 21. b3 c5 22. Rf1 f6 23. g3 Kc7 24. Bf4 Kc6 25. a4
Nxf4 26. gxf4 Ng6 27. Be2 b5 28. c3 Kb6 29. Kc2 Rd6 30. Bg4 b4 31. Bf5 bxc3
32. Kxc3 Rd4 33. Rg1 Nxf4 34. Rxg7 Ne2+ 35. Kc2 Rb4 36. Bxh7 Nd4+ 37. Kd1
Rxb3 38. Rf7 Rf3 39. Bf5 Rf1+ 40. Kd2 Rf2+ 41. Kd3 Nxf5 42. Rxf6+ Ka5 43.
exf5 Rxh2 44. Kc4 Rc2+ 45. Kd5 Kxa4 46. Rxa6+ Kb5 47. Ra8 Rd2+ 48. Ke4 Re2+
49. Kf3 Re1 50. Kf4 Rf1+ 51. Ke5 Re1+ 52. Kd5 Rd1+ 53. Ke4 Re1+ 54. Kd3 c4+
55. Kc3 1/2-1/2

[Event "27th Open"]
[Site "Cappelle la Grande FRA"]
[Date "2011.02.28"]
[Round "3"]
[White "Gertosio,F"]
[Black "Foisor,C"]
[Result "1/2-1/2"]
[WhiteElo "2117"]
[BlackElo "2405"]
[EventDate "2011.02.26"]

1. e4 c5 2. Nf3 a6 3. c3 g6 4. d4 cxd4 5. cxd4 d5 6. exd5 Nf6 7. Nc3 Bg7 8.
Qb3 O-O 9. a4 Nbd7 10. a5 b6 11. Ne5 bxa5 12. Nc6 Qc7 13. Be2 Nb6 14. O-O
e6 15. Bg5 Nfxd5 16. Nxd5 Nxd5 17. Rfc1 Qb7 18. Qxb7 Bxb7 19. Nxa5 Ra7 20.
Ra4 h6 21. Be3 Nxe3 22. fxe3 Bd5 23. Nc6 Rb7 24. b4 Bxc6 25. Rxc6 Rfb8 26.
Bxa6 Rxb4 27. Rxb4 Rxb4 28. Kf2 Rb2+ 29. Kf3 g5 30. h3 h5 31. Bc4 Rd2 32.
Rc5 Bf6 33. d5 Be7 34. Rc8+ Kg7 35. Rc7 exd5 36. Bxd5 Rxd5 37. Rxe7 Rd2 38.
Ra7 h4 39. g3 hxg3 40. Kxg3 Rd3 41. Kf3 Kg6 42. Ra6+ f6 43. Rb6 Ra3 44. Rc6
Ra4 45. e4 Ra3+ 46. Kg4 Re3 47. Rc4 Kf7 48. Kf5 Rf3+ 49. Kg4 Rf4+ 50. Kg3
Ke6 51. Ra4 Rh4 52. Ra6+ Ke5 53. Ra5+ Kd4 54. Ra4+ Ke3 55. Ra3+ Kd2 56. Rf3
Rh6 57. Kf2 Rg6 58. Kf1 Rh6 59. Kf2 Kc2 60. Kg2 Kd1 61. Kf2 Kd2 62. Kf1 Rh4
63. Kg2 g4 64. Rxf6 gxh3+ 65. Kh2 Ke3 66. Ra6 Kf4 1/2-1/2

[Event "27th Open"]
[Site "Cappelle la Grande FRA"]
[Date "2011.02.28"]
[Round "3"]
[White "Becuwe,O"]
[Black "Marholev,D"]
[Result "1/2-1/2"]
[WhiteElo "2096"]
[BlackElo "2401"]
[EventDate "2011.02.26"]

1. e4 e5 2. d4 exd4 3. Qxd4 Nc6 4. Qe3 Nf6 5. Nc3 Bb4 6. Bd2 O-O 7. O-O-O
Re8 8. Bc4 Ne5 9. Bb3 d6 10. f3 a5 11. a3 Bc5 12. Qe2 Be6 13. Be3 Bxe3+ 14.
Qxe3 Bxb3 15. cxb3 Qc8 16. Nge2 Ra6 17. Nd5 Nxd5 18. Rxd5 a4 19. Nf4 axb3
20. Qxb3 Rb6 21. Rb5 Rxb5 22. Qxb5 c6 23. Qe2 d5 24. Nd3 Nxd3+ 25. Qxd3
dxe4 26. fxe4 Qg4 27. Qf3 Qxe4 28. Qxe4 Rxe4 29. Rd1 g5 30. Rd8+ Kg7 31.
Kd2 Re7 32. Rd6 h5 33. h3 f6 34. a4 Kg6 35. a5 Re5 36. a6 bxa6 37. Rxc6 a5
38. Rb6 h4 39. b4 axb4 40. Rxb4 Kf5 41. Kd3 Re1 42. Rg4 Ke5 43. Ra4 f5 44.
Ra2 Re4 45. Rf2 Ra4 46. Re2+ Kf4 47. Rf2+ Kg3 48. Rxf5 g4 49. hxg4 Kxg2 50.
g5 h3 51. g6 Rg4 52. Ke2 h2 53. Rf2+ Kh3 54. Rf3+ Kh4 55. Rf8 Rxg6 56. Kf2
h1=N+ 57. Ke3 1/2-1/2

[Event "27th Open"]
[Site "Cappelle la Grande FRA"]
[Date "2011.02.28"]
[Round "3"]
[White "Lejarre,L"]
[Black "Burg,B"]
[Result "1-0"]
[WhiteElo "2400"]
[BlackElo "2108"]
[EventDate "2011.02.26"]

1. e4 d6 2. Nc3 Nf6 3. f4 c6 4. d4 Nbd7 5. e5 Nd5 6. Nf3 Nxc3 7. bxc3 Nb6
8. Bd3 Bg4 9. O-O dxe5 10. fxe5 e6 11. Qe1 Bxf3 12. Rxf3 Qd7 13. Bd2 g6 14.
Qf2 Bg7 15. Rf1 O-O 16. Qh4 Nd5 17. Rh3 h5 18. g4 Qd8 19. Qg3 hxg4 20. Qxg4
Qe8 21. Qh4 f5 22. exf6 Rxf6 23. Qh7+ Kf8 24. Rhf3 Rf5 25. Bxf5 exf5 26.
Bh6 Bxh6 27. Rxf5+ 1-0

[Event "27th Open"]
[Site "Cappelle la Grande FRA"]
[Date "2011.02.28"]
[Round "3"]
[White "Landuyt,E"]
[Black "Calistri,T"]
[Result "0-1"]
[WhiteElo "2080"]
[BlackElo "2400"]
[EventDate "2011.02.26"]

1. e4 c5 2. Nc3 a6 3. g3 b5 4. Bg2 Bb7 5. d3 e6 6. Nge2 Nf6 7. O-O d6 8. h3
Nbd7 9. f4 Qc7 10. Qe1 b4 11. Nd1 c4 12. Nf2 a5 13. Bd2 Nc5 14. Nd4 cxd3
15. cxd3 Be7 16. Rc1 Qb6 17. Be3 Qa6 18. Qd2 O-O 19. Rc2 Rac8 20. Rfc1 Nfd7
21. Bf1 Qa8 22. Bg2 Rfd8 23. Bf1 Ba6 24. Be2 Bf8 25. g4 e5 26. Nf3 b3 27.
Rc3 bxa2 28. Ra1 d5 29. exd5 Qxd5 30. Qc2 exf4 31. Bxf4 a4 32. Nd2 Qd4 33.
Bg3 Qe3 34. Nf1 Qe6 35. Bd1 Nb6 36. Qe2 Qxe2 37. Bxe2 Nb3 38. Rxa2 Nc1 39.
Rxc1 Rxc1 40. Bf4 Re1 41. Bf3 Rxd3 0-1

[Event "27th Open"]
[Site "Cappelle la Grande FRA"]
[Date "2011.02.28"]
[Round "3"]
[White "Pacher,M"]
[Black "De Andres Gonalons,F"]
[Result "1-0"]
[WhiteElo "2399"]
[BlackElo "2084"]
[EventDate "2011.02.26"]

1. e4 e6 2. d4 d5 3. Nc3 Nf6 4. Bg5 Be7 5. e5 Nfd7 6. h4 Bxg5 7. hxg5 Qxg5
8. Qd3 a6 9. Rxh7 Rxh7 10. Qxh7 Qh6 11. Qxh6 gxh6 12. Nce2 c5 13. c3 cxd4
14. cxd4 Nc6 15. f4 Nb6 16. b3 Bd7 17. Nf3 Nb4 18. Kd2 Bb5 19. Ng3 Bxf1 20.
Nxf1 a5 21. a4 Nc8 22. Ne3 Ne7 23. Rh1 Ng8 24. g4 Rc8 25. f5 exf5 26. gxf5
f6 27. Rg1 Kf8 28. Nh4 Nc6 29. Ng6+ Ke8 30. Nf4 Nce7 31. Nfxd5 Rc6 32. Nxe7
Nxe7 33. d5 Rc5 34. d6 Nd5 35. e6 1-0

[Event "27th Open"]
[Site "Cappelle la Grande FRA"]
[Date "2011.02.28"]
[Round "3"]
[White "Butkiewicz,L"]
[Black "Mataigne,J"]
[Result "1-0"]
[WhiteElo "2394"]
[BlackElo "2068"]
[EventDate "2011.02.26"]

1. e4 d6 2. d4 Nf6 3. Nc3 g6 4. f4 Bg7 5. Nf3 O-O 6. Bd3 Nc6 7. O-O e5 8.
fxe5 dxe5 9. d5 Nd4 10. Nxe5 Nxd5 11. Nxd5 Bxe5 12. Bf4 Nc6 13. Qd2 Be6 14.
c4 f6 15. Be3 Qd6 16. h3 Nd4 17. b4 c6 18. c5 Qd7 19. Nf4 Bf7 20. Rad1 Rad8
21. Qf2 Qe7 22. Bb1 Nb5 23. Rxd8 Rxd8 24. Nd3 Bc4 25. Nxe5 Bxf1 26. Ng4 Bd3
27. Nxf6+ Kg7 28. Bxd3 Rxd3 29. Bh6+ Kh8 30. Ng4 Qd8 31. Bg5 Rd1+ 32. Kh2
Qe8 33. Qf6+ 1-0

[Event "27th Open"]
[Site "Cappelle la Grande FRA"]
[Date "2011.02.28"]
[Round "3"]
[White "Molina Rodriguez,B"]
[Black "Nguyen,P"]
[Result "0-1"]
[WhiteElo "2053"]
[BlackElo "2394"]
[EventDate "2011.02.26"]

1. e4 c5 2. Nf3 a6 3. c4 e6 4. Nc3 Qc7 5. d4 cxd4 6. Nxd4 Bb4 7. Bd3 Nf6 8.
Qe2 d6 9. Be3 Bxc3+ 10. bxc3 Nbd7 11. Nb3 Ne5 12. O-O O-O 13. Bd4 Nxd3 14.
Qxd3 e5 15. Be3 Be6 16. c5 Bxb3 17. axb3 dxc5 18. Qc4 Rfc8 19. f3 b5 20.
Qe2 c4 21. b4 a5 22. bxa5 Rxa5 23. Qb2 Rb8 24. Rxa5 Qxa5 25. Ra1 Qd8 26.
Qb4 h6 27. Bc5 Ne8 28. Qa3 Rc8 29. Qb4 Qd2 30. Rb1 Ra8 31. Qxb5 Ra2 0-1

[Event "27th Open"]
[Site "Cappelle la Grande FRA"]
[Date "2011.02.28"]
[Round "3"]
[White "Benitah,Y"]
[Black "Hawia,T"]
[Result "1-0"]
[WhiteElo "2389"]
[BlackElo "2044"]
[EventDate "2011.02.26"]

1. d4 Nf6 2. c4 e5 3. dxe5 Ng4 4. Nf3 Bc5 5. e3 Nc6 6. a3 a5 7. Nc3 Ngxe5
8. Nxe5 Nxe5 9. f4 Ng6 10. Bd3 d6 11. O-O f5 12. Kh1 O-O 13. Rf3 c6 14. Rh3
Rf6 15. b3 Qe7 16. Ra2 Bd7 17. Re2 Qf7 18. Qd2 Nf8 19. Bb2 Rg6 20. Na4 Ne6
21. Bc2 b5 22. cxb5 cxb5 23. Qd5 Nc7 24. Qxf7+ Kxf7 25. Nxc5 dxc5 26. Rxh7
Re8 27. h3 Nd5 28. Rd2 Kg8 29. Rxd5 Bc6 30. Bxf5 Kxh7 31. Bxg6+ Kxg6 32.
Rd6+ 1-0

[Event "27th Open"]
[Site "Cappelle la Grande FRA"]
[Date "2011.02.28"]
[Round "3"]
[White "Bier,A"]
[Black "Nguyen Chi Minh"]
[Result "0-1"]
[WhiteElo "2031"]
[BlackElo "2389"]
[EventDate "2011.02.26"]

1. d4 e6 2. c4 Nf6 3. Nc3 Bb4 4. a3 Bxc3+ 5. bxc3 d6 6. f3 c5 7. e4 e5 8.
Be3 Qa5 9. Qd2 Nc6 10. Bd3 cxd4 11. cxd4 Qxd2+ 12. Kxd2 exd4 13. Bf2 Nd7
14. Rb1 Nc5 15. f4 f5 16. Re1 O-O 17. e5 dxe5 18. fxe5 Ne4+ 19. Ke2 Nxe5
20. Bxe4 fxe4 21. Bxd4 Bg4+ 0-1

[Event "27th Open"]
[Site "Cappelle la Grande FRA"]
[Date "2011.02.28"]
[Round "3"]
[White "Miedema,R"]
[Black "Baumhauer,C"]
[Result "1-0"]
[WhiteElo "2387"]
[BlackElo "2043"]
[EventDate "2011.02.26"]

1. d4 Nf6 2. c4 e6 3. Nf3 b6 4. g3 Ba6 5. Qc2 Bb4+ 6. Bd2 Qe7 7. Bg2 Bb7 8.
O-O Bxd2 9. Nbxd2 d6 10. e4 e5 11. Nh4 g6 12. f4 Nc6 13. Nhf3 O-O 14. d5
Nb8 15. b4 Nbd7 16. fxe5 dxe5 17. Qc3 a5 18. a3 Ne8 19. Bh3 f6 20. Be6+ Kh8
21. Bxd7 Qxd7 22. Nxe5 Qe7 23. Nd3 Ng7 24. Rae1 Kg8 25. Nf3 axb4 26. axb4
Bc8 27. Nd4 Nh5 28. Nc6 Qd7 29. Nf4 Nxf4 30. Rxf4 Qh3 31. Rxf6 Re8 32. Ref1
Bf5 33. exf5 Ra2 34. Ne7+ Rxe7 35. Rf8+ Kxf8 36. Qh8+ Kf7 37. fxg6+ Kxg6
38. Qf6+ Kh5 39. Rf5+ 1-0

[Event "27th Open"]
[Site "Cappelle la Grande FRA"]
[Date "2011.02.28"]
[Round "3"]
[White "Wlodarczyk,C"]
[Black "Kuipers,S"]
[Result "1-0"]
[WhiteElo "2004"]
[BlackElo "2381"]
[EventDate "2011.02.26"]

1. e4 c5 2. Nf3 Nc6 3. Bb5 d6 4. c3 Nf6 5. d3 Bd7 6. O-O a6 7. Ba4 b5 8.
Bc2 Bg4 9. Nbd2 e5 10. h3 Bh5 11. Re1 Be7 12. Nf1 O-O 13. Ng3 Bg6 14. Nh4
Qc7 15. Nhf5 Rad8 16. Qf3 d5 17. Bg5 dxe4 18. dxe4 Ne8 19. Be3 Nd6 20. Nxd6
Bxd6 21. h4 f6 22. Red1 Kh8 23. h5 Be8 24. Nf5 Ne7 25. Nxe7 Qxe7 26. a4 Bc6
27. g4 c4 28. axb5 axb5 29. Ra6 Rc8 30. b4 cxb3 31. Bxb3 Bc5 32. Bd5 Bd7
33. Bxc5 Rxc5 34. Ra7 Bxg4 35. Rxe7 Bxf3 36. Ra1 Rxc3 37. h6 gxh6 38. Raa7
Rg8+ 39. Bxg8 Rc1+ 40. Kh2 Bxe4 41. f3 Bxf3 42. Be6 1-0

[Event "27th Open"]
[Site "Cappelle la Grande FRA"]
[Date "2011.02.28"]
[Round "3"]
[White "Collas,D"]
[Black "Vandervorst,JM"]
[Result "1/2-1/2"]
[WhiteElo "2377"]
[BlackElo "2034"]
[EventDate "2011.02.26"]

1. d4 Nf6 2. Nf3 d5 3. c4 e6 4. Bg5 Be7 5. e3 O-O 6. Nc3 Nbd7 7. Qc2 b6 8.
cxd5 exd5 9. Bd3 Bb7 10. O-O h6 11. Bf4 c5 12. Nb5 c4 13. Bf5 a6 14. Nc3 b5
15. Ne5 Nxe5 16. dxe5 Nh5 17. Bg3 Nxg3 18. hxg3 d4 19. exd4 Qxd4 20. e6
fxe6 21. Bxe6+ Kh8 22. Rad1 Qf6 23. Bd5 Bxd5 24. Nxd5 Qg5 25. Nf4 Rf6 26.
Qe4 Ra7 27. Rd5 Qg4 28. Rfd1 Bf8 29. Rd8 Raf7 30. R1d5 g6 31. Kh2 Rf5 32.
Rxf5 Qxf5 33. Nxg6+ Kg7 34. Qxf5 Rxf5 35. Nxf8 Rxf2 36. Ne6+ Kf7 37. Nc7
Rxb2 38. Rd7+ Kf6 39. Rd6+ Ke5 40. Rxa6 b4 41. Rc6 Kd4 1/2-1/2

[Event "27th Open"]
[Site "Cappelle la Grande FRA"]
[Date "2011.02.28"]
[Round "3"]
[White "Maruejols,C"]
[Black "Frois,A"]
[Result "1-0"]
[WhiteElo "2002"]
[BlackElo "2353"]
[EventDate "2011.02.26"]

1. d4 Nf6 2. c4 g6 3. Nc3 Bg7 4. e4 d6 5. Be2 O-O 6. Nf3 Nbd7 7. O-O e5 8.
Be3 exd4 9. Nxd4 Re8 10. f3 c6 11. Qd2 Qe7 12. Nc2 Ne5 13. Rad1 Be6 14. b3
Red8 15. Bg5 c5 16. f4 Nc6 17. f5 gxf5 18. exf5 Bc8 19. Bf3 Qf8 20. Nd5
Nxd5 21. Bxd8 Nc3 22. Bg5 Be5 23. f6 Qd8 24. Rde1 Nxa2 25. Bxc6 1-0

[Event "27th Open"]
[Site "Cappelle la Grande FRA"]
[Date "2011.02.28"]
[Round "3"]
[White "Vereggen,L"]
[Black "Bernard,Ch1"]
[Result "1/2-1/2"]
[WhiteElo "1999"]
[BlackElo "2348"]
[EventDate "2011.02.26"]

1. d4 Nf6 2. Nf3 g6 3. g3 Bg7 4. Bg2 O-O 5. O-O d6 6. c4 c6 7. b3 Nbd7 8.
Bb2 Re8 9. Nbd2 h6 10. e4 e5 11. Re1 exd4 12. Nxd4 Nc5 13. Qc2 a5 14. Rad1
Qb6 15. h3 Bd7 16. Bc3 Re7 17. a3 Rae8 18. b4 axb4 19. axb4 Ne6 20. Nxe6
1/2-1/2